<?xml version="1.0" encoding="UTF-8"?>
<record
    xmlns:xsi="http://www.w3.org/2001/XMLSchema-instance"
    xsi:schemaLocation="http://www.loc.gov/MARC21/slim http://www.loc.gov/standards/marcxml/schema/MARC21slim.xsd"
    xmlns="http://www.loc.gov/MARC21/slim">

  <leader>01185cam a22002537a 4500</leader>
  <controlfield tag="001">000001280</controlfield>
  <controlfield tag="005">20250916134336.0</controlfield>
  <controlfield tag="008">690213s1968    nyuab         001 0 eng  </controlfield>
  <datafield tag="040" ind1=" " ind2=" ">
    <subfield code="a">DO-SdBNP</subfield>
    <subfield code="b">spa</subfield>
    <subfield code="c">BNPHU</subfield>
  </datafield>
  <datafield tag="082" ind1=" " ind2=" ">
    <subfield code="a">303.623</subfield>
    <subfield code="b">W177r</subfield>
  </datafield>
  <datafield tag="100" ind1="1" ind2=" ">
    <subfield code="a">Walker, Daniel,</subfield>
    <subfield code="d">1922-</subfield>
    <subfield code="9">4337</subfield>
  </datafield>
  <datafield tag="245" ind1="1" ind2="0">
    <subfield code="a">Rights in conflict :</subfield>
    <subfield code="b">the violent confrontation of demonstrators and police in the parks and streets of Chicago during the week of the Democratic National Convention of 1968. A report /</subfield>
    <subfield code="c">Daniel Walker ; introducci&#xF3;n, Max Frankel.</subfield>
  </datafield>
  <datafield tag="260" ind1=" " ind2=" ">
    <subfield code="a">New York :</subfield>
    <subfield code="b">Bantman Books,</subfield>
    <subfield code="c">1968.</subfield>
  </datafield>
  <datafield tag="300" ind1=" " ind2=" ">
    <subfield code="a">xx, 362 p. :</subfield>
    <subfield code="b">il., mapas ;</subfield>
    <subfield code="c">18 cm.</subfield>
  </datafield>
  <datafield tag="500" ind1=" " ind2=" ">
    <subfield code="a">Comunmente conocido como el informe de Walker.</subfield>
  </datafield>
  <datafield tag="650" ind1=" " ind2="4">
    <subfield code="a">Sedici&#xF3;n milital</subfield>
    <subfield code="9">4338</subfield>
  </datafield>
  <datafield tag="650" ind1=" " ind2="4">
    <subfield code="a">Conflicto</subfield>
    <subfield code="9">4339</subfield>
  </datafield>
  <datafield tag="650" ind1=" " ind2="0">
    <subfield code="a">Violencia</subfield>
    <subfield code="9">1750</subfield>
  </datafield>
  <datafield tag="650" ind1=" " ind2="4">
    <subfield code="a">Polic&#xED;a</subfield>
    <subfield code="9">4340</subfield>
  </datafield>
  <datafield tag="611" ind1="2" ind2="4">
    <subfield code="a">CONVENCI&#xD3;N NACIONAL DEM&#xD3;CRATA</subfield>
    <subfield code="d">(1968</subfield>
    <subfield code="c">CHICAGO, ILLl.)</subfield>
    <subfield code="9">4341</subfield>
  </datafield>
  <datafield tag="740" ind1="0" ind2=" ">
    <subfield code="a">Walker informe sobre los violentos enfrentamientos de manifestantes y la polic&#xED;a en los parques y las calles de Chicago</subfield>
  </datafield>
  <datafield tag="710" ind1="1" ind2=" ">
    <subfield code="a">Estados Unidos.</subfield>
    <subfield code="b">Comisi&#xF3;n Nacional sobre las Causas y la Prevenci&#xF3;n de la Violencia.</subfield>
    <subfield code="9">4342</subfield>
  </datafield>
  <datafield tag="700" ind1="1" ind2=" ">
    <subfield code="a">Frankel, Max,</subfield>
    <subfield code="e">Introd.</subfield>
    <subfield code="9">4343</subfield>
  </datafield>
  <datafield tag="952" ind1=" " ind2=" ">
    <subfield code="0">0</subfield>
    <subfield code="1">0</subfield>
    <subfield code="5">2</subfield>
    <subfield code="7">0</subfield>
    <subfield code="8">MO</subfield>
    <subfield code="a">GR</subfield>
    <subfield code="b">GR</subfield>
    <subfield code="c">CT</subfield>
    <subfield code="d">2009-08-29</subfield>
    <subfield code="i">LF1</subfield>
    <subfield code="l">0</subfield>
    <subfield code="o">303.623 W177r</subfield>
    <subfield code="p">1280-10</subfield>
    <subfield code="r">2020-06-25</subfield>
    <subfield code="w">2020-06-25</subfield>
    <subfield code="y">2</subfield>
    <subfield code="Z">Pr&#xE9;stamo interno</subfield>
  </datafield>
  <datafield tag="999" ind1=" " ind2=" ">
    <subfield code="c">1223</subfield>
    <subfield code="d">1223</subfield>
  </datafield>
</record>
